| 000 | 00378nam a2200157Ia 4500 | ||
|---|---|---|---|
| 008 | 210716s2005 xx 000 0 und d | ||
| 020 | _a1857755340 | ||
| 041 | _aeng | ||
| 082 | _a651.7 PHIA | ||
| 100 | _aPhillips, Annie. | ||
| 245 | _aCommunication and the managers job. | ||
| 250 | _a1 | ||
| 260 |
_aNew Delhi _c2005 |
||
| 300 | _a179 | ||
| 650 | _aBusiness Communication | ||
| 999 |
_c199326 _d199326 |
||